Efektivnost informačních systémů

Gespeichert in:
Bibliographische Detailangaben
1. Verfasser: Molnár, Zdeněk
Format: Buch
Sprache:Tschechisch
Veröffentlicht: Praha Grada Publishing 2001
Ausgabe:2. rozšír. vyd.
Schriftenreihe:Management v informační společnosti
Schlagworte:
Tags: Tag hinzufügen
Keine Tags, Fügen Sie das erste Tag hinzu!

MARC

LEADER 00000nam a2200000 4500
001 c125018
005 20221124102959.3
020 |a 80-247-0087-5 
041 0 |a cze 
044 |a CZ 
245 1 0 |a Efektivnost informačních systémů  |c Zdeněk Molnár 
250 |a 2. rozšír. vyd. 
264 1 |a Praha  |b Grada Publishing  |c 2001 
300 |a 179 s. 
490 1 |a Management v informační společnosti 
830 0 |a Management v informační společnosti 
610 2 0 |a systémy informačné 
610 2 0 |a technológie informačné 
610 2 0 |a stratégia informačná 
610 2 0 |a výdavky 
610 2 0 |a reengineering 
610 2 0 |a modely 
610 2 0 |a kvalita 
610 2 0 |a audit 
610 2 0 |a pracovníci 
610 2 0 |a efektívnosť 
610 2 0 |a informácie 
610 2 0 |a ceny 
610 2 0 |a teória informácií 
610 2 0 |a štúdie prípadové 
610 2 0 |a riadenie podnikové 
610 2 0 |a internet 
610 2 0 |a intranet 
610 2 0 |a Česko 
100 1 |a Molnár, Zdeněk